[Event "Campeonato España Sub 16"]
[Site "Salobreña"]
[Date "2017.07.27"]
[Round "6"]
[White "Perez Perez , Gabriel"]
[Black "Sosa Suarez, Carla Cristina"]
[Result "1/2-1/2"]
[Board "21"]
[WhiteElo "2000"]
[WhiteCountry "ESP"]
[WhiteFideId "32089147"]
[WhiteEloChange "-3"]
[BlackElo "1911"]
[BlackCountry "ESP"]
[BlackFideId "24536350"]
[BlackEloChange "3"]

1. e4 {[%clk 1:30:30]} e6 {[%clk 1:30:30]} 2. d4 {[%clk 1:30:30]} d5 {[%clk
1:30:30]} 3. Nd2 {[%clk 1:30:30]} Be7 {[%clk 1:30:30]} 4. Bd3 {[%clk 1:30:30]} c5
{[%clk 1:30:30]} 5. dxc5 {[%clk 1:30:30]} Nf6 {[%clk 1:30:30]} 6. Qe2 {[%clk
1:30:30]} O-O {[%clk 1:30:30]} 7. Ngf3 {[%clk 1:30:30]} a5 {[%clk 1:30:30]} 8.
O-O {[%clk 1:30:30]} Na6 {[%clk 1:30:30]} 9. e5 {[%clk 1:30:30]} Nd7 {[%clk
1:30:30]} 10. c3 {[%clk 1:30:30]} Naxc5 {[%clk 1:30:30]} 11. Bc2 {[%clk 1:30:30]}
b5 {[%clk 1:30:30]} 12. Qe3 {[%clk 1:30:30]} b4 {[%clk 1:30:30]} 13. Nd4 {[%clk
1:30:30]} Qc7 {[%clk 1:30:30]} 14. cxb4 {[%clk 1:30:30]} axb4 {[%clk 1:30:30]}
15. Re1 {[%clk 1:30:30]} f5 {[%clk 1:30:30]} 16. f4 {[%clk 1:30:30]} Nb6 {[%clk
1:30:30]} 17. Bb3 {[%clk 1:30:30]} Ba6 {[%clk 1:30:30]} 18. N2f3 {[%clk 1:30:30]}
Rfc8 {[%clk 1:30:30]} 19. Rd1 {[%clk 1:30:30]} Qd7 {[%clk 1:30:30]} 20. Kh1
{[%clk 1:30:30]} Bc4 {[%clk 1:30:30]} 21. Nd2 {[%clk 1:30:30]} Bxb3 {[%clk
1:30:30]} 22. N2xb3 {[%clk 1:30:30]} Nc4 {[%clk 1:30:30]} 23. Qe2 {[%clk
1:30:30]} Na4 {[%clk 1:30:30]} 24. Rg1 {[%clk 1:30:30]} Kh8 {[%clk 1:30:30]} 25.
Nf3 {[%clk 1:30:30]} Nc5 {[%clk 1:30:30]} 26. Nbd4 {[%clk 1:30:30]} Ne4 {[%clk
1:30:30]} 27. Be3 {[%clk 1:30:30]} Nxe3 {[%clk 1:30:30]} 28. Qxe3 {[%clk
1:30:30]} Rc4 {[%clk 1:30:30]} 29. Rgc1 {[%clk 1:30:30]} Bc5 {[%clk 1:30:30]} 30.
a3 {[%clk 1:30:30]} bxa3 {[%clk 1:30:30]} 31. bxa3 {[%clk 1:30:30]} Qa7 {[%clk
1:30:30]} 32. Rxc4 {[%clk 1:30:30]} dxc4 {[%clk 1:30:30]} 33. Rc1 {[%clk
1:30:30]} c3 {[%clk 1:30:30]} 34. Rxc3 {[%clk 1:30:30]} Nxc3 {[%clk 1:30:30]} 35.
Qxc3 {[%clk 1:30:30]} Bxd4 {[%clk 1:30:30]} 36. Qxd4 {[%clk 1:30:30]} Qxa3 {[%clk
1:30:30]} 37. h3 {[%clk 1:30:30]} Qa1+ {[%clk 1:30:30]} 38. Kh2 {[%clk 1:30:30]}
Qxd4 {[%clk 1:30:30]} 39. Nxd4 {[%clk 1:30:30]} Ra6 {[%clk 1:30:30]} 40. Kg3
{[%clk 1:30:30]} Kg8 {[%clk 1:30:30]} 41. Kf3 {[%clk 1:30:30]} Kf7 {[%clk
1:30:30]} 42. Nb5 {[%clk 1:30:30]} h6 {[%clk 1:30:30]} 43. g4 {[%clk 1:30:30]}
fxg4+ {[%clk 1:30:30]} 44. hxg4 {[%clk 1:30:30]} Ke7 {[%clk 1:30:30]} 45. Ke4
{[%clk 1:30:30]} Ra4+ {[%clk 1:30:30]} 46. Nd4 {[%clk 1:30:30]} g6 {[%clk
1:30:30]} 47. Ke3 {[%clk 1:30:30]} h5 {[%clk 1:30:30]} 48. gxh5 {[%clk 1:30:30]}
gxh5 {[%clk 1:30:30]} 49. f5 {[%clk 1:30:30]} exf5 {[%clk 1:30:30]} 50. Nxf5+
{[%clk 1:30:30]} Kf7 {[%clk 1:30:30]} 51. Kf3 {[%clk 1:30:30]} Ra3+ {[%clk
1:30:30]} 52. Kf4 {[%clk 1:30:30]} Ra1 {[%clk 1:30:30]} 53. e6+ {[%clk 1:30:30]}
Kxe6 {[%clk 1:30:30]} 54. Ng7+ {[%clk 1:30:30]} Kf6 {[%clk 1:30:30]} 55. Nxh5+
{[%clk 1:30:30]} Kg6 {[%clk 1:30:30]} 56. Ng3 {[%clk 1:30:30]} Ra4+ {[%clk
1:30:30]} 57. Ne4 {[%clk 1:30:30]} 1/2-1/2

[Event "Campeonato España Sub 16"]
[Site "Salobreña"]
[Date "2017.07.27"]
[Round "6"]
[White "Guillo Longares, Cecilia"]
[Black "Bono Monreal, Alberto"]
[Result "1/2-1/2"]
[Board "22"]
[WhiteElo "1997"]
[WhiteCountry "ESP"]
[WhiteFideId "32082681"]
[WhiteEloChange "-4"]
[BlackElo "1837"]
[BlackCountry "ESP"]
[BlackFideId "32029845"]
[BlackEloChange "4"]

1. d4 {[%clk 1:30:30]} Nf6 {[%clk 1:30:30]} 2. Nf3 {[%clk 1:30:30]} e6 {[%clk
1:30:30]} 3. Bg5 {[%clk 1:30:30]} Be7 {[%clk 1:30:30]} 4. c4 {[%clk 1:30:30]} b6
{[%clk 1:30:30]} 5. g3 {[%clk 1:30:30]} Bb7 {[%clk 1:30:30]} 6. Bg2 {[%clk
1:30:30]} d5 {[%clk 1:30:30]} 7. O-O {[%clk 1:30:30]} O-O {[%clk 1:30:30]} 8. Qc2
{[%clk 1:30:30]} Nbd7 {[%clk 1:30:30]} 9. cxd5 {[%clk 1:30:30]} Nxd5 {[%clk
1:30:30]} 10. Bxe7 {[%clk 1:30:30]} Qxe7 {[%clk 1:30:30]} 11. Nc3 {[%clk
1:30:30]} Nxc3 {[%clk 1:30:30]} 12. bxc3 {[%clk 1:30:30]} Nf6 {[%clk 1:30:30]}
13. Rfe1 {[%clk 1:30:30]} Be4 {[%clk 1:30:30]} 14. Qb2 {[%clk 1:30:30]} c5 {[%clk
1:30:30]} 15. Ne5 {[%clk 1:30:30]} Bxg2 {[%clk 1:30:30]} 16. Kxg2 {[%clk
1:30:30]} Rac8 {[%clk 1:30:30]} 17. Rac1 {[%clk 1:30:30]} Rfd8 {[%clk 1:30:30]}
18. e3 {[%clk 1:30:30]} Qb7+ {[%clk 1:30:30]} 19. Kg1 {[%clk 1:30:30]} Nd7 {[%clk
1:30:30]} 20. Nc4 {[%clk 1:30:30]} Qd5 {[%clk 1:30:30]} 21. Nd2 {[%clk 1:30:30]}
Nb8 {[%clk 1:30:30]} 22. Nb3 {[%clk 1:30:30]} Nd7 {[%clk 1:30:30]} 23. Red1
{[%clk 1:30:30]} Nf6 {[%clk 1:30:30]} 24. Nd2 {[%clk 1:30:30]} Ne4 {[%clk
1:30:30]} 25. Nxe4 {[%clk 1:30:30]} Qxe4 {[%clk 1:30:30]} 26. dxc5 {[%clk
1:30:30]} bxc5 {[%clk 1:30:30]} 27. Qa3 {[%clk 1:30:30]} Rxd1+ {[%clk 1:30:30]}
28. Rxd1 {[%clk 1:30:30]} Qc2 {[%clk 1:30:30]} 29. Qb3 {[%clk 1:30:30]} Qxb3
{[%clk 1:30:30]} 30. axb3 {[%clk 1:30:30]} Kf8 {[%clk 1:30:30]} 31. Rd7 {[%clk
1:30:30]} Rb8 {[%clk 1:30:30]} 32. b4 {[%clk 1:30:30]} cxb4 {[%clk 1:30:30]}
1/2-1/2

[Event "Campeonato España Sub 16"]
[Site "Salobreña"]
[Date "2017.07.27"]
[Round "6"]
[White "Llados Clos, Jordi"]
[Black "Marzo Pie, Xavier"]
[Result "0-1"]
[Board "23"]
[WhiteElo "1895"]
[WhiteCountry "ESP"]
[WhiteFideId "32066350"]
[WhiteEloChange "-7"]
[BlackElo "1996"]
[BlackCountry "ESP"]
[BlackFideId "32086440"]
[BlackEloChange "7"]

1. e4 {[%clk 1:30:30]} d6 {[%clk 1:30:30]} 2. d4 {[%clk 1:30:30]} g6 {[%clk
1:30:30]} 3. c4 {[%clk 1:30:30]} Bg7 {[%clk 1:30:30]} 4. Nc3 {[%clk 1:30:30]} Nc6
{[%clk 1:30:30]} 5. Be3 {[%clk 1:30:30]} e5 {[%clk 1:30:30]} 6. d5 {[%clk
1:30:30]} Nce7 {[%clk 1:30:30]} 7. Bd3 {[%clk 1:30:30]} f5 {[%clk 1:30:30]} 8. f3
{[%clk 1:30:30]} Nf6 {[%clk 1:30:30]} 9. Qd2 {[%clk 1:30:30]} f4 {[%clk 1:30:30]}
10. Bf2 {[%clk 1:30:30]} g5 {[%clk 1:30:30]} 11. g3 {[%clk 1:30:30]} Ng6 {[%clk
1:30:30]} 12. Nge2 {[%clk 1:30:30]} g4 {[%clk 1:30:30]} 13. gxf4 {[%clk 1:30:30]}
gxf3 {[%clk 1:30:30]} 14. f5 {[%clk 1:30:30]} Ng4 {[%clk 1:30:30]} 15. Ng1 {[%clk
1:30:30]} Bh6 {[%clk 1:30:30]} 16. Qd1 {[%clk 1:30:30]} Nh4 {[%clk 1:30:30]} 17.
Nxf3 {[%clk 1:30:30]} Ng2+ {[%clk 1:30:30]} 18. Ke2 {[%clk 1:30:30]} Rg8 {[%clk
1:30:30]} 19. Bg3 {[%clk 1:30:30]} N4e3 {[%clk 1:30:30]} 20. Qb3 {[%clk 1:30:30]}
Nf4+ {[%clk 1:30:30]} 21. Kxe3 {[%clk 1:30:30]} Qf6 {[%clk 1:30:30]} 22. Bxf4
{[%clk 1:30:30]} Rg2 {[%clk 1:30:30]} 23. Be2 {[%clk 1:30:30]} Bxf4+ {[%clk
1:30:30]} 24. Kd3 {[%clk 1:30:30]} Bxf5 {[%clk 1:30:30]} 25. exf5 {[%clk
1:30:30]} Qxf5+ {[%clk 1:30:30]} 26. Ne4 {[%clk 1:30:30]} Rxe2 {[%clk 1:30:30]}
27. Kxe2 {[%clk 1:30:30]} Qxe4+ {[%clk 1:30:30]} 28. Kf2 {[%clk 1:30:30]} O-O-O
{[%clk 1:30:30]} 29. Rae1 {[%clk 1:30:30]} Qf5 {[%clk 1:30:30]} 30. Qd1 {[%clk
1:30:30]} Rf8 {[%clk 1:30:30]} 31. Qe2 {[%clk 1:30:30]} Bd2 {[%clk 1:30:30]} 32.
Rd1 {[%clk 1:30:30]} Ba5 {[%clk 1:30:30]} 33. Rde1 {[%clk 1:30:30]} Bb6+ {[%clk
1:30:30]} 34. Kf1 {[%clk 1:30:30]} Qh3+ {[%clk 1:30:30]} 35. Qg2 {[%clk 1:30:30]}
Rxf3+ {[%clk 1:30:30]} 36. Ke2 {[%clk 1:30:30]} Qxg2+ {[%clk 1:30:30]} 37. Kd1
{[%clk 1:30:30]} Qxb2 {[%clk 1:30:30]} 0-1

[Event "Campeonato España Sub 16"]
[Site "Salobreña"]
[Date "2017.07.27"]
[Round "6"]
[White "Munoz Garcia, Jesus"]
[Black "Martinez Bernardo, Aitor"]
[Result "0-1"]
[Board "24"]
[WhiteElo "1994"]
[WhiteCountry "ESP"]
[WhiteFideId "32064543"]
[WhiteEloChange "-15"]
[BlackElo "1803"]
[BlackCountry "ESP"]
[BlackFideId "32010109"]
[BlackEloChange "15"]

1. e4 {[%clk 1:30:30]} e5 {[%clk 1:30:30]} 2. Nf3 {[%clk 1:30:30]} d6 {[%clk
1:30:30]} 3. d4 {[%clk 1:30:30]} exd4 {[%clk 1:30:30]} 4. Nxd4 {[%clk 1:30:30]}
Nf6 {[%clk 1:30:30]} 5. Nc3 {[%clk 1:30:30]} Be7 {[%clk 1:30:30]} 6. Qf3 {[%clk
1:30:30]} c6 {[%clk 1:30:30]} 7. Nf5 {[%clk 1:30:30]} Bxf5 {[%clk 1:30:30]} 8.
Qxf5 {[%clk 1:30:30]} Nbd7 {[%clk 1:30:30]} 9. Be3 {[%clk 1:30:30]} b5 {[%clk
1:30:30]} 10. f3 {[%clk 1:30:30]} a5 {[%clk 1:30:30]} 11. a4 {[%clk 1:30:30]} b4
{[%clk 1:30:30]} 12. Ne2 {[%clk 1:30:30]} Ne5 {[%clk 1:30:30]} 13. Nd4 {[%clk
1:30:30]} Qc7 {[%clk 1:30:30]} 14. Qg5 {[%clk 1:30:30]} Nfg4 {[%clk 1:30:30]} 15.
Ne6 {[%clk 1:30:30]} fxe6 {[%clk 1:30:30]} 16. Qxg7 {[%clk 1:30:30]} O-O-O {[%clk
1:30:30]} 17. fxg4 {[%clk 1:30:30]} h5 {[%clk 1:30:30]} 18. Bg5 {[%clk 1:30:30]}
Bxg5 {[%clk 1:30:30]} 19. Qxg5 {[%clk 1:30:30]} hxg4 {[%clk 1:30:30]} 20. O-O-O
{[%clk 1:30:30]} Rdf8 {[%clk 1:30:30]} 21. Be2 {[%clk 1:30:30]} Kb8 {[%clk
1:30:30]} 22. Rdf1 {[%clk 1:30:30]} Rf7 {[%clk 1:30:30]} 23. Rf6 {[%clk 1:30:30]}
Qe7 {[%clk 1:30:30]} 24. Rhf1 {[%clk 1:30:30]} Rhf8 {[%clk 1:30:30]} 25. Qg7
{[%clk 1:30:30]} Rxg7 {[%clk 1:30:30]} 26. Rxf8+ {[%clk 1:30:30]} Kb7 {[%clk
1:30:30]} 27. c3 {[%clk 1:30:30]} Rf7 {[%clk 1:30:30]} 28. R8xf7 {[%clk 1:30:30]}
Nxf7 {[%clk 1:30:30]} 29. cxb4 {[%clk 1:30:30]} axb4 {[%clk 1:30:30]} 30. a5
{[%clk 1:30:30]} Qg5+ {[%clk 1:30:30]} 31. Kc2 {[%clk 1:30:30]} Qc5+ {[%clk
1:30:30]} 32. Kb3 {[%clk 1:30:30]} Ne5 {[%clk 1:30:30]} 33. a6+ {[%clk 1:30:30]}
Ka7 {[%clk 1:30:30]} 0-1

[Event "Campeonato España Sub 16"]
[Site "Salobreña"]
[Date "2017.07.27"]
[Round "6"]
[White "Martin Rodriguez, Pablo"]
[Black "Merelo Garcia, Francisco"]
[Result "0-1"]
[Board "25"]
[WhiteElo "1801"]
[WhiteCountry "ESP"]
[WhiteFideId "24518875"]
[WhiteEloChange "-5"]
[BlackElo "1994"]
[BlackCountry "ESP"]
[BlackFideId "32092539"]
[BlackEloChange "5"]

1. d4 {[%clk 1:30:30]} d6 {[%clk 1:30:30]} 2. c4 {[%clk 1:30:30]} Nf6 {[%clk
1:30:30]} 3. Nf3 {[%clk 1:30:30]} g6 {[%clk 1:30:30]} 4. g3 {[%clk 1:30:30]} Bg7
{[%clk 1:30:30]} 5. Bg2 {[%clk 1:30:30]} O-O {[%clk 1:30:30]} 6. O-O {[%clk
1:30:30]} Nbd7 {[%clk 1:30:30]} 7. Nc3 {[%clk 1:30:30]} c6 {[%clk 1:30:30]} 8. e4
{[%clk 1:30:30]} e5 {[%clk 1:30:30]} 9. h3 {[%clk 1:30:30]} h6 {[%clk 1:30:30]}
10. Be3 {[%clk 1:30:30]} Kh7 {[%clk 1:30:30]} 11. d5 {[%clk 1:30:30]} c5 {[%clk
1:30:30]} 12. Kh2 {[%clk 1:30:30]} Ne8 {[%clk 1:30:30]} 13. Ne1 {[%clk 1:30:30]}
f5 {[%clk 1:30:30]} 14. Nd3 {[%clk 1:30:30]} Nb6 {[%clk 1:30:30]} 15. Qb3 {[%clk
1:30:30]} f4 {[%clk 1:30:30]} 16. gxf4 {[%clk 1:30:30]} exf4 {[%clk 1:30:30]} 17.
Bxf4 {[%clk 1:30:30]} Rxf4 {[%clk 1:30:30]} 18. Nxf4 {[%clk 1:30:30]} Be5 {[%clk
1:30:30]} 19. Ne2 {[%clk 1:30:30]} Qf6 {[%clk 1:30:30]} 20. Rac1 {[%clk 1:30:30]}
g5 {[%clk 1:30:30]} 21. Kh1 {[%clk 1:30:30]} gxf4 {[%clk 1:30:30]} 22. Rc2 {[%clk
1:30:30]} Bd7 {[%clk 1:30:30]} 23. Qf3 {[%clk 1:30:30]} Ng7 {[%clk 1:30:30]} 24.
b3 {[%clk 1:30:30]} Rg8 {[%clk 1:30:30]} 25. Rcc1 {[%clk 1:30:30]} Be8 {[%clk
1:30:30]} 26. Qd3 {[%clk 1:30:30]} Rf8 {[%clk 1:30:30]} 27. Ng1 {[%clk 1:30:30]}
Bh5 {[%clk 1:30:30]} 28. Bf3 {[%clk 1:30:30]} Qh4 {[%clk 1:30:30]} 29. Bxh5
{[%clk 1:30:30]} Nxh5 {[%clk 1:30:30]} 30. Qf3 {[%clk 1:30:30]} Rg8 {[%clk
1:30:30]} 31. Ne2 {[%clk 1:30:30]} Nd7 {[%clk 1:30:30]} 32. Rg1 {[%clk 1:30:30]}
Ng3+ {[%clk 1:30:30]} 33. Rxg3 {[%clk 1:30:30]} fxg3 {[%clk 1:30:30]} 34. Qf5+
{[%clk 1:30:30]} Kh8 {[%clk 1:30:30]} 35. fxg3 {[%clk 1:30:30]} Rxg3 {[%clk
1:30:30]} 36. Nxg3 {[%clk 1:30:30]} Qxg3 {[%clk 1:30:30]} 37. Rc2 {[%clk
1:30:30]} Bd4 {[%clk 1:30:30]} 38. Rc1 {[%clk 1:30:30]} Nf6 {[%clk 1:30:30]} 39.
e5 {[%clk 1:30:30]} Bxe5 {[%clk 1:30:30]} 40. Rc2 {[%clk 1:30:30]} Bd4 {[%clk
1:30:30]} 41. Qc8+ {[%clk 1:30:30]} Ng8 {[%clk 1:30:30]} 42. Qg4 {[%clk 1:30:30]}
Qe1+ {[%clk 1:30:30]} 43. Kh2 {[%clk 1:30:30]} Be5+ {[%clk 1:30:30]} 44. Kg2
{[%clk 1:30:30]} Nf6 {[%clk 1:30:30]} 45. Re2 {[%clk 1:30:30]} Qb1 {[%clk
1:30:30]} 46. Qf3 {[%clk 1:30:30]} Bd4 {[%clk 1:30:30]} 47. Qf1 {[%clk 1:30:30]}
Qg6+ {[%clk 1:30:30]} 48. Kh1 {[%clk 1:30:30]} Qg3 {[%clk 1:30:30]} 49. Qg2
{[%clk 1:30:30]} Qxg2+ {[%clk 1:30:30]} 50. Rxg2 {[%clk 1:30:30]} Be5 {[%clk
1:30:30]} 51. Kg1 {[%clk 1:30:30]} Kh7 {[%clk 1:30:30]} 52. Kf2 {[%clk 1:30:30]}
Ne4+ {[%clk 1:30:30]} 53. Ke3 {[%clk 1:30:30]} Nc3 {[%clk 1:30:30]} 54. Kf3
{[%clk 1:30:30]} a6 {[%clk 1:30:30]} 55. Ke3 {[%clk 1:30:30]} b5 {[%clk 1:30:30]}
56. Kd3 {[%clk 1:30:30]} b4 {[%clk 1:30:30]} 57. Ke3 {[%clk 1:30:30]} a5 {[%clk
1:30:30]} 58. Kf3 {[%clk 1:30:30]} a4 {[%clk 1:30:30]} 59. Ke3 {[%clk 1:30:30]}
a3 {[%clk 1:30:30]} 60. Kd3 {[%clk 1:30:30]} h5 {[%clk 1:30:30]} 61. Ke3 {[%clk
1:30:30]} Kh6 {[%clk 1:30:30]} 62. h4 {[%clk 1:30:30]} Bf6 {[%clk 1:30:30]} 63.
Kf4 {[%clk 1:30:30]} Bxh4 {[%clk 1:30:30]} 64. Kf5 {[%clk 1:30:30]} Nxa2 {[%clk
1:30:30]} 65. Rg6+ {[%clk 1:30:30]} Kh7 {[%clk 1:30:30]} 66. Rxd6 {[%clk
1:30:30]} Nc1 {[%clk 1:30:30]} 67. Ra6 {[%clk 1:30:30]} Nxb3 {[%clk 1:30:30]} 68.
Ra7+ {[%clk 1:30:30]} Kg8 {[%clk 1:30:30]} 69. Kg6 {[%clk 1:30:30]} Kf8 {[%clk
1:30:30]} 70. d6 {[%clk 1:30:30]} Ke8 {[%clk 1:30:30]} 71. Kf5 {[%clk 1:30:30]}
Nd2 {[%clk 1:30:30]} 72. Ke6 {[%clk 1:30:30]} Kf8 {[%clk 1:30:30]} 73. Rf7+
{[%clk 1:30:30]} Kg8 {[%clk 1:30:30]} 74. Re7 {[%clk 1:30:30]} a2 {[%clk
1:30:30]} 75. d7 {[%clk 1:30:30]} Bxe7 {[%clk 1:30:30]} 76. Kxe7 {[%clk 1:30:30]}
a1Q {[%clk 1:30:30]} 77. d8Q+ {[%clk 1:30:30]} Kh7 {[%clk 1:30:30]} 78. Qd3+
{[%clk 1:30:30]} Kg7 {[%clk 1:30:30]} 79. Qg3+ {[%clk 1:30:30]} Kh8 {[%clk
1:30:30]} 80. Qb8+ {[%clk 1:30:30]} Kh7 {[%clk 1:30:30]} 81. Qf4 {[%clk 1:30:30]}
Qg7+ {[%clk 1:30:30]} 82. Ke6 {[%clk 1:30:30]} Qh6+ {[%clk 1:30:30]} 0-1

[Event "Campeonato España Sub 16"]
[Site "Salobreña"]
[Date "2017.07.28"]
[Round "7"]
[White "Galiana Fernandez, Adrian"]
[Black "Gines Esteo, Pedro Antonio"]
[Result "1-0"]
[Board "1"]
[WhiteClock "n/a"]
[WhiteElo "2274"]
[WhiteCountry "ESP"]
[WhiteFideId "32010150"]
[WhiteEloChange "13"]
[BlackClock "n/a"]
[BlackTitle "FM"]
[BlackElo "2375"]
[BlackCountry "ESP"]
[BlackFideId "32080190"]
[BlackEloChange "-13"]

1. e4 {[%clk 1:30:30]} d6 {[%clk 1:30:30]} 2. d4 {[%clk 1:30:30]} Nf6 {[%clk
1:30:30]} 3. Nc3 {[%clk 1:30:30]} e5 {[%clk 1:30:30]} 4. Nge2 {[%clk 1:30:30]}
Be7 {[%clk 1:30:30]} 5. g3 {[%clk 1:30:30]} c6 {[%clk 1:30:30]} 6. Bg2 {[%clk
1:30:30]} b5 {[%clk 1:30:30]} 7. a3 {[%clk 1:30:30]} a5 {[%clk 1:30:30]} 8. f4
{[%clk 1:30:30]} Ba6 {[%clk 1:30:30]} 9. dxe5 {[%clk 1:30:30]} dxe5 {[%clk
1:30:30]} 10. Qxd8+ {[%clk 1:30:30]} Bxd8 {[%clk 1:30:30]} 11. fxe5 {[%clk
1:30:30]} Ng4 {[%clk 1:30:30]} 12. e6 {[%clk 1:30:30]} fxe6 {[%clk 1:30:30]} 13.
Bh3 {[%clk 1:30:30]} Ne5 {[%clk 1:30:30]} 14. Bf4 {[%clk 1:30:30]} Bf6 {[%clk
1:30:30]} 15. Nd4 {[%clk 1:30:30]} Ke7 {[%clk 1:30:30]} 16. Nxe6 {[%clk 1:30:30]}
Bc8 {[%clk 1:30:30]} 17. Bxe5 {[%clk 1:30:30]} Bxe5 {[%clk 1:30:30]} 18. Nf4
{[%clk 1:30:30]} Bxh3 {[%clk 1:30:30]} 19. Nxh3 {[%clk 1:30:30]} Nd7 {[%clk
1:30:30]} 20. Ng5 {[%clk 1:30:30]} Raf8 {[%clk 1:30:30]} 21. Ke2 {[%clk 1:30:30]}
Nf6 {[%clk 1:30:30]} 22. Nd1 {[%clk 1:30:30]} Rd8 {[%clk 1:30:30]} 23. Nf3 {[%clk
1:30:30]} Ke6 {[%clk 1:30:30]} 24. Ng5+ {[%clk 1:30:30]} Ke7 {[%clk 1:30:30]} 25.
Nf3 {[%clk 1:30:30]} Kd6 {[%clk 1:30:30]} 26. Re1 {[%clk 1:30:30]} Rhf8 {[%clk
1:30:30]} 27. Kf2 {[%clk 1:30:30]} Ng4+ {[%clk 1:30:30]} 28. Kg2 {[%clk 1:30:30]}
Rf7 {[%clk 1:30:30]} 29. Ng5 {[%clk 1:30:30]} Re7 {[%clk 1:30:30]} 30. h3 {[%clk
1:30:30]} Nf6 {[%clk 1:30:30]} 31. Ne3 {[%clk 1:30:30]} Kc7 {[%clk 1:30:30]} 32.
Rab1 {[%clk 1:30:30]} Rd2+ {[%clk 1:30:30]} 33. Kf3 {[%clk 1:30:30]} h6 {[%clk
1:30:30]} 34. Nf5 {[%clk 1:30:30]} Red7 {[%clk 1:30:30]} 35. Ne6+ {[%clk
1:30:30]} Kb6 {[%clk 1:30:30]} 36. Ne3 {[%clk 1:30:30]} Rf7 {[%clk 1:30:30]} 37.
Re2 {[%clk 1:30:30]} Rd6 {[%clk 1:30:30]} 38. Nf4 {[%clk 1:30:30]} g5 {[%clk
1:30:30]} 39. Nd3 {[%clk 1:30:30]} Nh5+ {[%clk 1:30:30]} 40. Nf5 {[%clk 1:30:30]}
Rd8 {[%clk 1:30:30]} 41. Nxe5 {[%clk 1:30:30]} 1-0

[Event "Campeonato España Sub 16"]
[Site "Salobreña"]
[Date "2017.07.28"]
[Round "7"]
[White "Guerra Rivera, Salvador"]
[Black "Orantes Taboada, Francisco"]
[Result "1/2-1/2"]
[Board "2"]
[WhiteClock "1:30"]
[WhiteTitle "FM"]
[WhiteElo "2362"]
[WhiteCountry "ESP"]
[WhiteFideId "32096542"]
[WhiteEloChange "-5"]
[BlackClock "1:30"]
[BlackTitle "FM"]
[BlackElo "2183"]
[BlackCountry "ESP"]
[BlackFideId "22274758"]
[BlackEloChange "5"]

1. e4 {[%clk 1:30:00]} b6 {[%clk 1:30:00]} 2. d4 {[%clk 1:30:00]} Bb7 {[%clk
1:30:00]} 3. Bd3 {[%clk 1:31:00]} Nc6 {[%clk 1:30:00]} 4. c3 {[%clk 1:28:00]} e5
{[%clk 1:27:00]} 5. Nf3 {[%clk 1:14:00]} exd4 {[%clk 1:26:00]} 6. Nxd4 {[%clk
1:13:00]} Ne5 {[%clk 1:26:00]} 7. Bc2 {[%clk 1:10:00]} d5 {[%clk 1:11:00]} 8. Bf4
{[%clk 1:00:00]} Bd6 {[%clk 1:08:00]} 9. Ba4+ {[%clk 0:43:00]} Kf8 {[%clk
1:07:00]} 10. Bxe5 {[%clk 0:38:00]} Bxe5 {[%clk 1:08:00]} 11. Bc6 {[%clk
0:37:00]} Qc8 {[%clk 0:45:00]} 12. Bxd5 {[%clk 0:31:00]} Bxd5 {[%clk 0:45:00]}
13. exd5 {[%clk 0:31:00]} Qa6 {[%clk 0:45:00]} 14. Nf5 {[%clk 0:21:00]} Re8
{[%clk 0:43:00]} 15. Ne3 {[%clk 0:21:00]} Nf6 {[%clk 0:43:00]} 16. Na3 {[%clk
0:14:37]} Bxc3+ {[%clk 0:41:00]} 17. bxc3 {[%clk 0:14:59]} Qxa3 {[%clk 0:41:00]}
18. O-O {[%clk 0:15:22]} Ne4 {[%clk 0:41:00]} 19. Qb3 {[%clk 0:12:46]} Qd6 {[%clk
0:30:00]} 20. Qb4 {[%clk 0:10:06]} Nc5 {[%clk 0:30:00]} 21. Rad1 {[%clk 0:10:19]}
Re4 {[%clk 0:29:00]} 22. Rd4 {[%clk 0:09:30]} a5 {[%clk 0:30:00]} 23. Qc4 {[%clk
0:08:52]} Re5 {[%clk 0:09:49]} 24. Qb5 {[%clk 0:08:06]} Qd7 {[%clk 0:10:06]} 25.
Qxd7 {[%clk 0:07:06]} Nxd7 {[%clk 0:10:35]} 26. d6 {[%clk 0:07:12]} c5 {[%clk
0:06:22]} 27. Rd5 {[%clk 0:07:12]} Re4 {[%clk 0:06:44]} 28. Rb1 {[%clk 0:05:35]}
g6 {[%clk 0:06:27]} 29. Rd3 {[%clk 0:05:02]} f5 {[%clk 0:06:10]} 30. f3 {[%clk
0:04:58]} Re6 {[%clk 0:06:27]} 31. Nc4 {[%clk 0:04:01]} Kf7 {[%clk 0:05:58]} 32.
Rb2 {[%clk 0:03:37]} Rb8 {[%clk 0:05:05]} 33. Kf2 {[%clk 0:03:47]} b5 {[%clk
0:03:36]} 34. Nxa5 {[%clk 0:04:00]} Rb6 {[%clk 0:03:59]} 35. c4 {[%clk 0:04:09]}
bxc4 {[%clk 0:02:04]} 36. Nxc4 {[%clk 0:03:57]} Rxb2+ {[%clk 0:01:06]} 37. Nxb2
{[%clk 0:04:23]} Re8 {[%clk 0:00:52]} 38. Nc4 {[%clk 0:04:15]} Ra8 {[%clk
0:01:10]} 39. Re3 {[%clk 0:03:30]} Rxa2+ {[%clk 0:01:12]} 40. Ke1 {[%clk
0:02:19]} Kf6 {[%clk 0:00:54]} 41. Re7 {[%clk 0:02:35]} Ra4 {[%clk 0:01:09]} 42.
Ne3 {[%clk 0:02:26]} Nb6 {[%clk 0:01:14]} 43. Rb7 {[%clk 0:01:43]} Nc4 {[%clk
0:01:07]} 44. d7 {[%clk 0:00:45]} Ke7 {[%clk 0:01:23]} 45. Nd5+ {[%clk 0:00:54]}
Kd8 {[%clk 0:01:40]} 46. Nf6 {[%clk 0:00:36]} Rb4 {[%clk 0:02:00]} 47. Ra7 {[%clk
0:00:45]} Nb6 {[%clk 0:02:24]} 48. Kd1 {[%clk 0:00:36]} Rd4+ {[%clk 0:02:39]} 49.
Kc2 {[%clk 0:01:00]} Nxd7 {[%clk 0:03:04]} 50. Ra8+ {[%clk 0:00:46]} Ke7 {[%clk
0:03:27]} 51. Nxd7 {[%clk 0:00:43]} Rxd7 {[%clk 0:03:51]} 52. Rc8 {[%clk
0:00:43]} 1/2-1/2